| 000 | 00916nam a2200253 a 4500 | ||
|---|---|---|---|
| 005 | 20180803165052.0 | ||
| 008 | 140310b2002 ck |||| r|||| 00| 0 spa d | ||
| 040 |
_aCO-BoIAVH _cCO-BoIAVH |
||
| 041 | 0 | _aspa | |
| 044 | _ack | ||
| 082 | 0 | 4 |
_a333.91816 _bL18b |
| 245 | 1 | 3 |
_aLa Laguna Buenavista (La Raya) _bel ambiente y su gente / _cTextos por Ana Lucía Trujillo |
| 260 |
_aBogotá : _bRicerca e Cooperazione : _bUnión Europea : _bCorpoguajira, _c2002. |
||
| 300 |
_a21 páginas : _bilustraciones, fotografías a color ; _c28 x 21 cm. |
||
| 504 | _aIncluye referencias bibliográficas (página 21). | ||
| 650 | 6 | _aEcosistemas costeros | |
| 650 | 6 | _aHumedales | |
| 650 | 6 | _aManejo de ecosistemas | |
| 650 | 6 | _aUso del territorio | |
| 650 | 6 | _aPesca | |
| 662 |
_aColombia _cLaguna Buenavista _bGuajira |
||
| 700 | 1 | _aTrujillo Cárdenas, Ana Lucía | |
| 942 |
_cLIBRO _2ddc |
||
| 999 |
_c3107 _d3107 |
||